| 000 | 00953 a2200157 4500 | ||
|---|---|---|---|
| 003 | NUST | ||
| 005 | 20230124091627.0 | ||
| 008 | 230124b ||||| |||| 00| 0 eng d | ||
| 082 | _a371.3,PRA | ||
| 100 |
_a Prakash, Vijoy _9107474 |
||
| 245 |
_aCreative learning; a handbook for teachers and trainers / _cVijoy Prakash |
||
| 260 |
_aNew Delhi _bViva Books Pvt ltd _c2007 |
||
| 300 | _axi, 390p. | ||
| 505 | _aIntroduction (Page-1), Understanding Creativity (Page-13), What is Creative learning (Page-28), Natural learning process (Page-34), System model of creative learning (Page-85), Modern concept of education (Page-137), Creativity through education (Page-160), Creative learning methodology (Page-186), Activities for learning about symbols and patterns (Page-220), Activities for development of natural learning process (Page-256), Creating new learning Occasions (Page-337), Monitoring and Evaluation (Page-373). | ||
| 942 |
_cBK _2ddc _k371.3,PRA |
||
| 999 |
_c421801 _d421801 |
||